000 01423cam a22004214i 4500
003 PE-LiUPU
005 20250731184550.0
008 150625s r 000 0 d
035 _a(Sirsi) a33452
040 _aPE-LiUPU
_bspa
_cPE-LiUPU
_erda
082 0 4 _a985.41102
_bP426f
_221
100 1 _aPeralta Vasquez, Antero,
_d1900-
_eautor.
245 1 3 _aLa faz oculta de Arequipa /
_cAntero Peralta Vasquez.
264 1 _aArequipa :
_bEdit. Universitaria,
_c1977.
300 _a346 páginas ;
_c21 centímetros.
336 _atext
_2rdacontent
337 _aunmediated
_2rdamedia
338 _avolume
_2rdacarrier
500 _a"ARI-KEPA (Detrás del cerro)"--Cubierta.
505 0 _aEnfocando objetivos preteridos. - Educación. - Política. - La gestión del frente democrático nacional. - Enfoque miscelánico. - Deportes.
526 _aP136
526 _aP135
526 _aP134
526 _aP133
526 _aP144
526 _aP143
526 _aP87
526 _aP35
526 _aP20
526 _aP14
526 _aP10
526 _aP06
651 1 8 _aArequipa, Are. (Perú : Distrito)
_vEnsayos, conferencias, etc.
_2BNP
_92455
942 _2ddc
_cBK
949 _a985.41102 P45
_wDEWEY
_c1
_i30547
_lCCODEBUL1
_mBUL
_p00.00
_r0
_sY
_tBOOK
_u2015-06-25
_xBIBLIOTECA
_zUNKNOWN
_0COMPRA
_o.STAFF. Colección General
999 _c41201
_d41201
980 _81
_gALBERTO SANCHEZ Responsable de Automatización